000 00325nam a2200145 i 4500
001 bg
100 1 _aPASZKOWSKI, Stefan
245 0 _aJęzyk Algol 60 /
_cStefan Paszkowski.
250 _aWyd.6.
260 _aWarszawa,
_c1974.
040 _cBPK
041 _apol
942 _cKS
008 s pl f |000 0 pol
999 _c1013
_d1013
856 _uhttp://koha.tu.koszalin.pl/cgi-bin/koha/opac-detail.pl?biblionumber=1013
_yKatalog online BPK